• 首页
  • 本馆介绍
  • 公告通知
  • 最新文献
  • 馆藏检索
  • 电子资源
  • 读者导购
  • 参考咨询
  • 我的图书馆
  • 登录
  • 详细信息显示
  • 放入我的书架
  • 预约/预借图书
  • 作者相关作品
  • 分类相关作品
  • 丛书相关作品
  • 出版社相关作品

书目信息

  • 表格格式
  • 工作单格式
  • 卡片格式
题名:
西方的智慧
    
 
作者: 罗素 著 ;崔人元 , 杨玉成 译
分册:  
出版信息: 北京   世界知识出版社  2007
页数: 389页
开本: 26cm
丛书名:
单 册:
中图分类: B5 , B561.54
科图分类:
主题词: 哲学史--西方国家 , 哲学史
电子资源:
ISBN: 978-7-5012-3089-1
000 00873nam0 2200265 450
001 1558336504
005 20150126161324.68
010    @a978-7-5012-3089-1@dCNY46.00
100    @a20070327d2007 em y0chiy50 ea
101 1  @achi@ceng
102    @aCN@b110000
105    @aa z 000yy
200 1  @a西方的智慧@9xi fang de zhi hui@f罗素著@g崔人元译@g崔人元,杨玉成主编
210    @a北京@c世界知识出版社@d2007
215    @a389页@c图@d26cm
330    @a本书着眼于阐述西方哲学发展的前因后果,而且还包容了历史、科学、政治、经济等多方面的内容。
606 0  @a哲学史@y西方国家
606 0  @a哲学史
690    @aB5@v5
690    @aB561.54@v5
701  0 @c(英)@a罗素@9luo su@c(Russell, Bertrand Arthur William@f1872~1970)@4著
702  0 @a崔人元@9cui ren yuan@4译
702  0 @a杨玉成@9yang yu cheng@c(翻译)@4主编
801  0 @aCN@bTSSF@c20150126
905    @aZUCC@dB5@eJY97
    
    西方的智慧/罗素著/崔人元译/崔人元,杨玉成主编.-北京:世界知识出版社,2007
    389页:图;26cm
    
    
    ISBN 978-7-5012-3089-1:CNY46.00
    本书着眼于阐述西方哲学发展的前因后果,而且还包容了历史、科学、政治、经济等多方面的内容。
●
相关链接 在E读中查询图书 在五车中查询图书 在当当中查询图书 在豆瓣中查询图书


正题名:西方的智慧     索取号:B5/JY97         预约/预借

序号 登录号 条形码 馆藏地/架位号 状态 备注
1 7838778   278387782   学院路分馆/ [索取号:B5/JY97] 在馆    
2 7838779   278387791   学院路分馆/ [索取号:B5/JY97] 在馆    
唐山师范学院图书馆 欢迎您!
大连网信软件有限公司© 版权所有